Mía - Đường Việt Nam

Lịch sử phát triển cây mía và sản xuất mía đường trên thế giới và Việt Nam. Đặc điểm sinh vật học và chế độ sản xuất mía đường theo hướng sinh thái bền vững. Kĩ thuật trồng và chăm sóc cây mía...

Ausführliche Beschreibung

Gespeichert in:
Bibliographische Detailangaben
1. Verfasser: Thái, Nghĩa
Format: Buch
Sprache:Undetermined
Veröffentlicht: Hà Nội Nông nghiệp 2006
Schlagworte:
Tags: Tag hinzufügen
Keine Tags, Fügen Sie den ersten Tag hinzu!
Thư viện lưu trữ: Trung tâm Học liệu Trường Đại học Cần Thơ
LEADER 00846nam a2200205Ia 4500
001 CTU_208787
008 210402s9999 xx 000 0 und d
020 |c 50000 
082 |a 633.61 
082 |b Ngh301 
100 |a Thái, Nghĩa 
245 0 |a Mía - Đường Việt Nam 
245 0 |c Thái Nghĩa 
260 |a Hà Nội 
260 |b Nông nghiệp 
260 |c 2006 
520 |a Lịch sử phát triển cây mía và sản xuất mía đường trên thế giới và Việt Nam. Đặc điểm sinh vật học và chế độ sản xuất mía đường theo hướng sinh thái bền vững. Kĩ thuật trồng và chăm sóc cây mía 
650 |a Sugarcane,Cây mía 
904 |i Hải 
980 |a Trung tâm Học liệu Trường Đại học Cần Thơ